000 01478cam a22003974i 4500
003 PE-LiUPU
005 20250731173203.0
008 150625s1992 sp r 000 0 spa d
035 _a(Sirsi) a30571
040 _aPE-LiUPU
_bspa
_cPE-LiUPU
_erda
082 0 4 _a220.008 P2
_bS18
_221
100 1 _aSalas, Antonio,
_eautor.
245 1 4 _aLos Orígenes :
_bDEl Edén a Babel.
264 1 _aMadrid :
_bEdiciones Paulinas,
_c1992.
300 _a151 páginas ;
_c21 centímetros
336 _atext
_2rdacontent
337 _aunmediated
_2rdamedia
338 _avolume
_2rdacarrier
505 0 _aLa prehistoria biblica. -Origen del mundo. -Origen del hombre. -Origen del pecado. -Cain y Abel: el primer fraticidio. -Pecado e historia los patriarcas anteriores al diluvio. -El diluvio universal. -La torre de Babel.
526 _aSEG42
526 _aSEG41
526 _aSEG40
526 _aSEG39
526 _aP94
526 _aP87
526 _aP86
526 _aP85
526 _aP77
526 _aP76
526 _aP35
942 _2ddc
_cBOOK
949 _a220.008 P2 S18
_wDEWEY
_c1
_i36496
_lCCODEBUL1
_mBUL
_p23.00
_r0
_sY
_tBOOK
_u2015-06-25
_xBIBLIOTECA
_zUNKNOWN
_0COMPRA
_o.STAFF. Colección Teología
596 _a1
999 _a220.008 P2 S18
_wDEWEY
_c38030
_i36496
_d38030
_e2016-9-25
_f2021-11-9
_g5
_lCCODEBUL1
_mBUL
_n3
_p23.00
_q3
_r0
_sY
_tBOOK
_u2015-6-25
_xTEOLOGIA
_PP35
_0COMPRA
_o.STAFF. Colección Teología
980 _81
_gALBERTO SANCHEZ Responsable de Automatización